|
|
|
|
| LEADER |
00895nam a2200193 a 4500 |
| 008 |
100601s2005 bg 000 0 eng d |
| 020 |
|
|
|a 9848584072
|
| 040 |
|
|
|a BD-DhAAL
|c BD-DhAAL
|d BD-DhAAL
|
| 082 |
0 |
0 |
|a 305.2/31
|2 22
|
| 100 |
1 |
0 |
|a হক, মাহাবুবুল.
|
| 245 |
1 |
0 |
|a শিশু সাংবাদিক সহায়িকা /
|c মাহাবুবুল হক.
|
| 260 |
|
|
|a ঢাকা :
|b ম্যাস লাইন মিডিয়া সেন্টার,
|c ২০০৫
|
| 300 |
|
|
|a ১০৪ পৃ. ;
|c ১৮ সে.মি.
|
| 541 |
1 |
|
|e 00020084
|
| 650 |
|
0 |
|a Newspapers and children.
|
| 650 |
|
0 |
|a Mass media and children
|
| 852 |
4 |
|
|a Ayesha Abed Library
|j General shelf
|
| 999 |
|
|
|c 8785
|d 8785
|
| 952 |
|
|
|0 0
|1 4
|2 ddc
|4 0
|6 305_231000000000000_HAQ
|7 0
|9 10652
|a JATRI
|b JATRI
|c GEN
|d 2010-06-03
|g 34.00
|l 0
|o 305.231 HAQ
|p 3040020084
|r 2010-06-03
|t 1
|w 2010-06-03
|y BK
|x Koha Inventory 2020
|